US States sprint - Statistics

General Stats
  • This quiz has been taken 26 times
  • The average score is 41 of 50
Answer Stats
Answer % Correct
Arizona
100%
Iowa
100%
Alabama
95%
Alaska
95%
Arkansas
95%
California
95%
Florida
95%
Hawaii
95%
Colorado
89%
Idaho
89%
Mississippi
89%
New York
89%
Ohio
89%
Oregon
89%
Texas
89%
Vermont
89%
Washington
89%
Delaware
84%
Georgia
84%
Kansas
84%
Maryland
84%
Montana
84%
Nevada
84%
New Mexico
84%
North Dakota
84%
South Dakota
84%
Illinois
79%
Indiana
79%
Louisiana
79%
Minnesota
79%
New Jersey
79%
North Carolina
79%
Virginia
79%
Wyoming
79%
Connecticut
74%
Kentucky
74%
Massachusetts
74%
New Hampshire
74%
Oklahoma
74%
South Carolina
74%
Wisconsin
74%
Maine
68%
Michigan
68%
Missouri
68%
Rhode Island
68%
Tennessee
68%
Utah
68%
West Virginia
68%
Pennsylvania
63%
Nebraska
58%
No matching quizzes found
Score Distribution
Percent of People with Each Score
Percentile by Number Answered
Your Score History
You have not taken this quiz